League of Legends (LoL) - Manaless Champions - Sudden Death - Statistics

General Stats
  • This quiz has been taken 236 times
  • The average score is 17 of 27
Answers on the Grid
Answers color-coded by a green-red scale on the quiz's grid according to % correct below.
Aatrox
Akali
Aphelios
Aurora
Bard
Bel'Veth
Brand
Briar
Camille
Dr. Mundo
Elise
Evelynn
Fiora
Gangplank
Garen
Gnar
Graves
Gwen
Illaoi
Ivern
Jhin
K'Sante
Kalista
Katarina
Kennen
Kled
Lee Sin
Mordekaiser
Nilah
Olaf
Ornn
Quinn
Rek'Sai
Rell
Renekton
Rengar
Riven
Rumble
Sett
Shen
Shyvana
Taric
Trundle
Tryndamere
Viego
Vladimir
Wukong
Xin Zhao
Yasuo
Yone
Zac
Zed
 
Answer Stats
Answer % Correct
Akali
93%
Aatrox
90%
Dr. Mundo
76%
Gnar
76%
Garen
74%
Yasuo
68%
Yone
67%
Mordekaiser
66%
Renekton
65%
Zed
65%
Briar
64%
Tryndamere
64%
Lee Sin
62%
Riven
61%
Sett
61%
Vladimir
61%
Shyvana
60%
Kennen
59%
Kled
59%
Bel'Veth
56%
Katarina
56%
Rengar
55%
Rumble
55%
Shen
54%
Zac
53%
Rek'Sai
50%
Viego
49%
No matching quizzes found
Score Distribution
Percent of People with Each Score
Percentile by Number Answered
Your Score History
You have not taken this quiz